Guangdong gao xiao tu shu guan shi nian : (1979-1989) /
Saved in:
| Corporate Author: | |
|---|---|
| Format: | Book |
| Language: | Chinese |
| Published: |
Xianggang :
Xianggang Han rong shu ju,
1990.
|
| Subjects: | |
| Tags: |
Add Tag
No Tags, Be the first to tag this record!
|
| LEADER | 01085cam a2200241 a 4500 | ||
|---|---|---|---|
| 001 | 007731433-6 | ||
| 005 | 20024617111505.0 | ||
| 008 | 960926s1990 cc acf 000 0 chi d | ||
| 020 | |z 962180017X | ||
| 035 | 0 | |a ocm35640324 | |
| 040 | |a WU |c WU |d MH-HY |d CStRLIN | ||
| 245 | 0 | 0 | |6 880-01 |a Guangdong gao xiao tu shu guan shi nian : |b (1979-1989) / |c Guangdong sheng gao deng xue xiao tu shu qing bao gong zuo wei yuan hui bian. |
| 246 | 3 | 1 | |a Guangdong gaoxiao tushuguan shinian |
| 260 | |6 880-02 |a Xianggang : |b Xianggang Han rong shu ju, |c 1990. | ||
| 300 | |a 308 p. : |b ill. (some col.) ; |c 26 cm. | ||
| 650 | 0 | |a Academic libraries |z China |z Guangdong Sheng. | |
| 650 | 0 | |a Information services |z China |z Guangdong Sheng. | |
| 710 | 2 | |6 880-03 |a Guangdong sheng gao deng xue xiao tu shu qing bao gong zuo wei yuan hui. | |
| 880 | 0 | 0 | |6 245-01 |a 广东高校图書馆十年 : |b (1979-1989) / |c 广东省高等学校图书情報工作委員会编. |
| 880 | |6 260-02 |a 香港 : |b 香港汉荣书局, |c 1990. | ||
| 880 | 2 | |6 710-03 |a 广东省高等学校图书情報工作委員会. | |
| 988 | |a 20021109 | ||
| 906 | |0 OCLC | ||


